| 000 | 00895nam a2200193Ia 4500 | ||
|---|---|---|---|
| 008 | 151121s9999||||xx |||||||||||||| ||und|| | ||
| 082 | _a814/कुंभार | ||
| 082 | _bHNW-68567 | ||
| 100 | _aकुंभार नागोराव - संपा। | ||
| 245 | _aमहर्षी विठ्ठल रामजी शिंदे: विचारदर्शन | ||
| 260 | _b"प्रबोधन प्रकाशन, लातूर" | ||
| 260 | _c-- | ||
| 300 | _a122 | ||
| 600 | _aकुंभार नागोराव - संपा। | ||
| 630 | _aमहर्षी विठ्ठल रामजी शिंदे: विचारदर्शन | ||
| 700 | _aकुंभार नागोराव - संपा। | ||
| 730 | _aमहर्षी विठ्ठल रामजी शिंदे: विचारदर्शन | ||
| 942 | _cBOOK | ||
| 999 |
_c1250061 _d1250058 |
||